| 000 | 00755nam a2200217 a 4500 | ||
|---|---|---|---|
| 001 | 000737471 | ||
| 003 | AM-YeHGA | ||
| 005 | 20250617143301.0 | ||
| 008 | 100520s1985 ||| r 000 0 rus d | ||
| 040 | _aAM-YeHGA | ||
| 041 | 0 | _arus | |
| 100 | 1 |
_aАксаков, Сергей Тимофеевич _d1791-1859. |
|
| 245 | 1 | 0 |
_aИзбранные сочинения / _cС.Т. Аксаков. |
| 260 |
_aМосква : _bСовременник, _c1985. |
||
| 300 |
_a227 с. : _bил. |
||
| 653 | 0 | _aПомещики в России (х. л.) | |
| 653 | 0 | _aДворянство в России (х. л.) | |
| 653 | 0 | _aКрепостное право в России, 18 в. (х. л.) | |
| 653 | 0 | _aРоссия, 18 в. (х. л.) | |
| 090 | _c274302 | ||
| 999 |
_c272661 _d272661 |
||